Dopasuj piosenkę do wykonawcy (rock/metal #1) - Statystyki

Ogólne statystyki
  • Ten quiz został rozwiązany 37 razy
  • Średni wynik to 26 z 69
Statystyki odpowiedzi
Utwór Odpowiedź % Poprawnych
Paranoid Black Sabbath
91%
The Memory Remains Metallica/Marianne Faithfull
79%
Du Hast Rammstein
76%
You Give Love A Bad Name Bon Jovi
73%
Creep Radiohead
73%
Livin' On The Edge Aerosmith
67%
The Trooper Iron Maiden
67%
Black Hole Sun Soundgarden
64%
Do I Wanna Know? Arctic Monkeys
61%
Whole Lotta Love Led Zeppelin
61%
Ace Of Spades Motörhead
58%
Enjoy The Silence Depeche Mode
55%
Symphony Of Destruction Megadeth
55%
High Hopes Pink Floyd
55%
Killing In The Name Rage Against The Machine
55%
Walk Pantera
52%
Love Of My Life Queen
52%
Would? Alice In Chains
48%
Rocket Queen Guns N' Roses
48%
Break Stuff Limp Bizkit
48%
Light My Fire The Doors
48%
Painkiller Judas Priest
45%
Sex On Fire Kings Of leon
45%
Big Gun AC/DC
42%
Holy Diver Dio
42%
Everlong Foo Fighters
42%
Beggin' Maneskin
42%
Silver Nirvana
42%
Friday I'm In Love The Cure
42%
Iris The Goo Goo Dolls
42%
Summer Of '69 Bryan Adams
39%
Walk Of Life Dire Straits
39%
Detroit Rock City KISS
39%
BURN IT DOWN Linkin Park
39%
B.Y.O.B. System Of A Down
39%
Pour Some Sugar On Me Def Leppard
36%
Sunday Bloody Sunday U2
36%
Fly Away Lenny Kravitz
33%
Ode To My Family The Cranberries
33%
Mr. Brightside The Killers
33%
1979 The Smashing Pumpkins
30%
Loser Beck
27%
Rebel Rebel David Bowie
27%
Take Me Out Franz Ferdinand
27%
Brain Stew Green Day
27%
Blind Korn
27%
Last Kiss Pearl Jam
27%
Black Betty Ram Jam
27%
Baba O'Riley The Who
27%
What's Up? 4 Non Blondes
24%
Little Wing Jimi Hendrix
24%
The Beautiful People Marilyn Manson
24%
Welcome To The Black Parade My Chemical Romance
24%
With Arms Wide Open Creed
21%
Sextape Deftones
21%
I Want To Know What Love Is Foreigner
21%
It’s the End of the World as We Know It (and I Feel Fine) R.E.M
21%
Every Little Thing She Does Is Magic The Police
21%
Hit That The Offspring
18%
19-2000 Gorillaz
15%
Never Tear Us Apart INXS
15%
Johnny B. The Hooters
15%
Teenage Dirtbag Wheatus
15%
Wild Side Mötley Crüe
12%
Aeroplane Red Hot Chili Peppers
12%
Still Dancing Billy Idol
9%
Stupify Disturbed
9%
Cold Hard Bitch Jet
3%
Make Me Wanna Die The Pretty Reckless
3%
Nie znaleziono quizów pasujących do podanych kryteriów
Rozkład punktacji
Procent ludzi z każdym wynikiem
Percentyl według liczby udzielonych odpowiedzi
Twoja historia wyników
Nie rozwiązałeś tego quizu